福島県の駅<路線別> - Statistics

General Stats
  • This quiz has been taken 3 times
  • The average score is 70 of 203
Answer Stats
都道府県 鉄道事業者 路線 % Correct
福島県 JR東日本 東北新幹線 福島
100%
福島県 JR東日本 東北新幹線 郡山
100%
福島県 JR東日本 東北新幹線 新白河
100%
福島県 JR東日本 山形新幹線 福島
100%
福島県 JR東日本 常磐線 原ノ町
100%
福島県 JR東日本 常磐線 双葉
100%
福島県 JR東日本 常磐線 夜ノ森
100%
福島県 JR東日本 常磐線 いわき
100%
福島県 JR東日本 常磐線
100%
福島県 JR東日本 常磐線 勿来
100%
福島県 JR東日本 磐越東線 郡山
100%
福島県 JR東日本 磐越東線 いわき
100%
福島県 JR東日本 水郡線 郡山
100%
福島県 JR東日本 水郡線 安積永盛
100%
福島県 JR東日本 東北本線 福島
100%
福島県 JR東日本 東北本線 南福島
100%
福島県 JR東日本 東北本線 郡山
100%
福島県 JR東日本 東北本線 安積永盛
100%
福島県 JR東日本 東北本線 白河
100%
福島県 JR東日本 東北本線 新白河
100%
福島県 JR東日本 奥羽本線 庭坂
100%
福島県 JR東日本 奥羽本線 福島
100%
福島県 JR東日本 磐越西線 郡山
100%
福島県 JR東日本 磐越西線 猪苗代湖畔
100%
福島県 JR東日本 磐越西線 猪苗代
100%
福島県 JR東日本 磐越西線 会津若松
100%
福島県 JR東日本 磐越西線 喜多方
100%
福島県 JR東日本 只見線 会津若松
100%
福島県 JR東日本 只見線 西若松
100%
福島県 JR東日本 只見線 会津川口
100%
福島県 JR東日本 只見線 只見
100%
福島県 福島交通 飯坂線
100%
福島県 福島交通 飯坂線 福島
100%
福島県 阿武隈急行 阿武隈急行線 福島
100%
福島県 会津鉄道 会津鉄道線 西若松
100%
福島県 富士急安達太良観光 あだたら山ロープウェイ 山麓
100%
福島県 富士急安達太良観光 あだたら山ロープウェイ 山頂
100%
福島県 JR東日本 常磐線 新地
67%
福島県 JR東日本 常磐線 駒ケ嶺
67%
福島県 JR東日本 常磐線 浪江
67%
福島県 JR東日本 常磐線 大野
67%
福島県 JR東日本 常磐線 富岡
67%
福島県 JR東日本 常磐線 広野
67%
福島県 JR東日本 常磐線 湯本
67%
福島県 JR東日本 磐越東線 小野新町
67%
福島県 JR東日本 水郡線 磐城石川
67%
福島県 JR東日本 水郡線 磐城棚倉
67%
福島県 JR東日本 東北本線 藤田
67%
福島県 JR東日本 東北本線 桑折
67%
福島県 JR東日本 東北本線 伊達
67%
福島県 JR東日本 東北本線 東福島
67%
福島県 JR東日本 東北本線 本宮
67%
福島県 JR東日本 東北本線 五百川
67%
福島県 JR東日本 東北本線 須賀川
67%
福島県 JR東日本 東北本線 鏡石
67%
福島県 JR東日本 東北本線 矢吹
67%
福島県 JR東日本 東北本線 泉崎
67%
福島県 JR東日本 東北本線 久田野
67%
福島県 JR東日本 東北本線 白坂
67%
福島県 JR東日本 磐越西線 磐梯町
67%
福島県 JR東日本 只見線 会津本郷
67%
福島県 福島交通 飯坂線 飯坂温泉
67%
福島県 会津鉄道 会津鉄道線 会津高原尾瀬口
67%
福島県 野岩鉄道 会津鬼怒川線 会津高原尾瀬口
67%
福島県 JR東日本 常磐線 相馬
33%
福島県 JR東日本 常磐線 日立木
33%
福島県 JR東日本 常磐線 鹿島
33%
福島県 JR東日本 常磐線 磐城太田
33%
福島県 JR東日本 常磐線 小高
33%
福島県 JR東日本 常磐線 桃内
33%
福島県 JR東日本 常磐線 竜田
33%
福島県 JR東日本 常磐線 木戸
33%
福島県 JR東日本 常磐線 Jヴィレッジ
33%
福島県 JR東日本 常磐線 末続
33%
福島県 JR東日本 常磐線 久ノ浜
33%
福島県 JR東日本 常磐線 四ツ倉
33%
福島県 JR東日本 常磐線 草野
33%
福島県 JR東日本 常磐線 内郷
33%
福島県 JR東日本 常磐線 植田
33%
福島県 JR東日本 磐越東線 赤井
33%
福島県 JR東日本 水郡線 磐城浅川
33%
福島県 JR東日本 水郡線 磐城塙
33%
福島県 JR東日本 水郡線 矢祭山
33%
福島県 JR東日本 東北本線 貝田
33%
福島県 JR東日本 東北本線 金谷川
33%
福島県 JR東日本 東北本線 松川
33%
福島県 JR東日本 東北本線 安達
33%
福島県 JR東日本 東北本線 二本松
33%
福島県 JR東日本 東北本線 杉田
33%
福島県 JR東日本 東北本線 日和田
33%
福島県 JR東日本 奥羽本線 笹木野
33%
福島県 JR東日本 磐越西線 磐梯熱海
33%
福島県 JR東日本 磐越西線 笈川
33%
福島県 JR東日本 磐越西線 山都
33%
福島県 JR東日本 磐越西線 徳沢
33%
福島県 JR東日本 只見線 七日町
33%
福島県 JR東日本 只見線 会津坂下
33%
福島県 阿武隈急行 阿武隈急行線
33%
福島県 阿武隈急行 阿武隈急行線 やながわ希望の森公園前
33%
福島県 阿武隈急行 阿武隈急行線 梁川
33%
福島県 阿武隈急行 阿武隈急行線 新田
33%
福島県 会津鉄道 会津鉄道線 芦ノ牧温泉
33%
福島県 会津鉄道 会津鉄道線 芦ノ牧温泉南
33%
福島県 会津鉄道 会津鉄道線 湯野上温泉
33%
福島県 会津鉄道 会津鉄道線 塔のへつり
33%
福島県 会津鉄道 会津鉄道線 会津下郷
33%
福島県 会津鉄道 会津鉄道線 田島高校前
33%
福島県 会津鉄道 会津鉄道線 会津田島
33%
福島県 会津鉄道 会津鉄道線 会津山村道場
33%
福島県 会津鉄道 会津鉄道線 七ケ岳登山口
33%
福島県 JR東日本 磐越東線 舞木
0%
福島県 JR東日本 磐越東線 三春
0%
福島県 JR東日本 磐越東線 要田
0%
福島県 JR東日本 磐越東線 船引
0%
福島県 JR東日本 磐越東線 磐城常葉
0%
福島県 JR東日本 磐越東線 大越
0%
福島県 JR東日本 磐越東線 菅谷
0%
福島県 JR東日本 磐越東線 神俣
0%
福島県 JR東日本 磐越東線 夏井
0%
福島県 JR東日本 磐越東線 川前
0%
福島県 JR東日本 磐越東線 江田
0%
福島県 JR東日本 磐越東線 小川郷
0%
福島県 JR東日本 水郡線 磐城守山
0%
福島県 JR東日本 水郡線 谷田川
0%
福島県 JR東日本 水郡線 小塩江
0%
福島県 JR東日本 水郡線 川東
0%
福島県 JR東日本 水郡線 泉郷
0%
福島県 JR東日本 水郡線 川辺沖
0%
福島県 JR東日本 水郡線 野木沢
0%
福島県 JR東日本 水郡線 里白石
0%
福島県 JR東日本 水郡線 中豊
0%
福島県 JR東日本 水郡線 近津
0%
福島県 JR東日本 水郡線 磐城石井
0%
福島県 JR東日本 水郡線 南石井
0%
福島県 JR東日本 水郡線 東館
0%
福島県 JR東日本 磐越西線 郡山富田
0%
福島県 JR東日本 磐越西線 喜久田
0%
福島県 JR東日本 磐越西線 安子ケ島
0%
福島県 JR東日本 磐越西線 中山宿
0%
福島県 JR東日本 磐越西線 上戸
0%
福島県 JR東日本 磐越西線 関都
0%
福島県 JR東日本 磐越西線 川桁
0%
福島県 JR東日本 磐越西線 翁島
0%
福島県 JR東日本 磐越西線 東長原
0%
福島県 JR東日本 磐越西線 広田
0%
福島県 JR東日本 磐越西線 堂島
0%
福島県 JR東日本 磐越西線 塩川
0%
福島県 JR東日本 磐越西線 姥堂
0%
福島県 JR東日本 磐越西線 会津豊川
0%
福島県 JR東日本 磐越西線 荻野
0%
福島県 JR東日本 磐越西線 尾登
0%
福島県 JR東日本 磐越西線 野沢
0%
福島県 JR東日本 磐越西線 上野尻
0%
福島県 JR東日本 只見線 会津高田
0%
福島県 JR東日本 只見線 根岸
0%
福島県 JR東日本 只見線 新鶴
0%
福島県 JR東日本 只見線 若宮
0%
福島県 JR東日本 只見線 塔寺
0%
福島県 JR東日本 只見線 会津坂本
0%
福島県 JR東日本 只見線 会津柳津
0%
福島県 JR東日本 只見線 郷戸
0%
福島県 JR東日本 只見線 滝谷
0%
福島県 JR東日本 只見線 会津桧原
0%
福島県 JR東日本 只見線 会津西方
0%
福島県 JR東日本 只見線 会津宮下
0%
福島県 JR東日本 只見線 早戸
0%
福島県 JR東日本 只見線 会津水沼
0%
福島県 JR東日本 只見線 会津中川
0%
福島県 JR東日本 只見線 本名
0%
福島県 JR東日本 只見線 会津越川
0%
福島県 JR東日本 只見線 会津横田
0%
福島県 JR東日本 只見線 会津大塩
0%
福島県 JR東日本 只見線 会津塩沢
0%
福島県 JR東日本 只見線 会津蒲生
0%
福島県 福島交通 飯坂線 花水坂
0%
福島県 福島交通 飯坂線 医王寺前
0%
福島県 福島交通 飯坂線 平野
0%
福島県 福島交通 飯坂線 桜水
0%
福島県 福島交通 飯坂線 笹谷
0%
福島県 福島交通 飯坂線 上松川
0%
福島県 福島交通 飯坂線 岩代清水
0%
福島県 福島交通 飯坂線 美術館図書館前
0%
福島県 福島交通 飯坂線 曽根田
0%
福島県 阿武隈急行 阿武隈急行線 富野
0%
福島県 阿武隈急行 阿武隈急行線 二井田
0%
福島県 阿武隈急行 阿武隈急行線 大泉
0%
福島県 阿武隈急行 阿武隈急行線 保原
0%
福島県 阿武隈急行 阿武隈急行線 上保原
0%
福島県 阿武隈急行 阿武隈急行線 高子
0%
福島県 阿武隈急行 阿武隈急行線 向瀬上
0%
福島県 阿武隈急行 阿武隈急行線 瀬上
0%
福島県 阿武隈急行 阿武隈急行線 福島学院前
0%
福島県 阿武隈急行 阿武隈急行線 卸町
0%
福島県 会津鉄道 会津鉄道線 南若松
0%
福島県 会津鉄道 会津鉄道線 門田
0%
福島県 会津鉄道 会津鉄道線 あまや
0%
福島県 会津鉄道 会津鉄道線 大川ダム公園
0%
福島県 会津鉄道 会津鉄道線 弥五島
0%
福島県 会津鉄道 会津鉄道線 ふるさと公園
0%
福島県 会津鉄道 会津鉄道線 養鱒公園
0%
福島県 会津鉄道 会津鉄道線 会津長野
0%
福島県 会津鉄道 会津鉄道線 中荒井
0%
福島県 会津鉄道 会津鉄道線 会津荒海
0%
No matching quizzes found
Score Distribution
Percent of People with Each Score
Percentile by Number Answered
Your Score History
You have not taken this quiz